<?xml version="1.0" encoding="UTF-8"?>
<record
    xmlns:xsi="http://www.w3.org/2001/XMLSchema-instance"
    xsi:schemaLocation="http://www.loc.gov/MARC21/slim http://www.loc.gov/standards/marcxml/schema/MARC21slim.xsd"
    xmlns="http://www.loc.gov/MARC21/slim">

  <leader>01165nam a2200217 a 4500</leader>
  <controlfield tag="001">BRCA_8643</controlfield>
  <controlfield tag="005">20190320210344.0</controlfield>
  <controlfield tag="008">280916s1685----sp-#######---#000-0#spa-#</controlfield>
  <datafield tag="041" ind1=" " ind2=" ">
    <subfield code="a">spa</subfield>
  </datafield>
  <datafield tag="044" ind1=" " ind2=" ">
    <subfield code="a">sp</subfield>
  </datafield>
  <datafield tag="084" ind1=" " ind2=" ">
    <subfield code="a">BE36</subfield>
    <subfield code="b">.I85 1685</subfield>
  </datafield>
  <datafield tag="100" ind1="1" ind2=" ">
    <subfield code="a">Isidro de Le&#xF3;n,</subfield>
    <subfield code="c">Fray</subfield>
    <subfield code="9">21572</subfield>
  </datafield>
  <datafield tag="245" ind1="1" ind2="0">
    <subfield code="a">Mistico cielo, en que se gozan los bienes del alma y vida de la verdad</subfield>
    <subfield code="b">adornado de tres gerarquias, y en caca una tres ordenes, que hacen nueve coros de espiritus viadores en el destierro ; a semejanza del cielo beatifico, y glorioso, que se adorna de tres gerarquias, y en cada una tres ordenes que hacen nueve coros d espiritus comprehensores en la patria</subfield>
    <subfield code="c">compuesto por el P. Fr. Isidro de Leon, Religioso Capuchino de la Orden de los Menores de N. S. P. S. Francisco de la Prov.a de Castilla.</subfield>
  </datafield>
  <datafield tag="260" ind1=" " ind2=" ">
    <subfield code="a">Madrid</subfield>
    <subfield code="b">Roque Rico de Miranda</subfield>
    <subfield code="c">1685</subfield>
  </datafield>
  <datafield tag="300" ind1=" " ind2=" ">
    <subfield code="a">431-666, [70] p. (t.3)</subfield>
    <subfield code="c">20 x 14 cm.</subfield>
  </datafield>
  <datafield tag="500" ind1=" " ind2=" ">
    <subfield code="a">Estado f&#xED;sico : encuadernaci&#xF3;n muy deteriorada, lomo por desprenderse, cintas rotas, hojas d&#xE9;biles y algunas rotas</subfield>
  </datafield>
  <datafield tag="650" ind1="1" ind2="4">
    <subfield code="a">Misticismo</subfield>
    <subfield code="x">Iglesia cat&#xF3;lica</subfield>
    <subfield code="9">21573</subfield>
  </datafield>
  <datafield tag="650" ind1="1" ind2="4">
    <subfield code="a">Teolog&#xED;a doctrinal</subfield>
    <subfield code="9">21574</subfield>
  </datafield>
  <datafield tag="902" ind1=" " ind2=" ">
    <subfield code="a">CFM</subfield>
  </datafield>
  <datafield tag="942" ind1=" " ind2=" ">
    <subfield code="2">lcc</subfield>
    <subfield code="c">B</subfield>
  </datafield>
  <datafield tag="999" ind1=" " ind2=" ">
    <subfield code="c">8303</subfield>
    <subfield code="d">8303</subfield>
  </datafield>
  <datafield tag="952" ind1=" " ind2=" ">
    <subfield code="0">0</subfield>
    <subfield code="1">0</subfield>
    <subfield code="2">lcc</subfield>
    <subfield code="4">0</subfield>
    <subfield code="7">0</subfield>
    <subfield code="8">CFM</subfield>
    <subfield code="a">BRCA</subfield>
    <subfield code="b">BRCA</subfield>
    <subfield code="d">2016-09-23</subfield>
    <subfield code="e">Donaci&#xF3;n</subfield>
    <subfield code="l">0</subfield>
    <subfield code="o">BE36 .I85 1685</subfield>
    <subfield code="p">CFM00033</subfield>
    <subfield code="r">2019-03-22 00:00:00</subfield>
    <subfield code="w">2019-03-22</subfield>
    <subfield code="y">B</subfield>
  </datafield>
</record>
